[Event "Gibtelecom ChallWk2 5th"]
[Site "Gibraltar"]
[Date "2007.01.30"]
[Round "3.4"]
[White "Vinas Guerrero, Carlos A"]
[Black "Agdestein, Emil"]
[Result "0-1"]
[WhiteElo "2124"]
[BlackElo "2116"]
[PlyCount "160"]
[EventDate "2007.01.28"]
[EventType "swiss"]
[EventRounds "5"]
[EventCountry "GGB"]
[SourceTitle "BritBase"]
[Source "www.saund.co.uk"]
[SourceDate "2018.02.10"]
[SourceVersion "1"]
[SourceVersionDate "2018.02.10"]
[SourceQuality "1"]

1. Nf3 g6 2. e4 Bg7 3. d4 d6 4. Nc3 Nd7 5. Bc4 e6 6. Bg5 Ne7 7. Qd2 h6 8. Be3
a6 9. a4 b6 10. O-O Bb7 11. d5 e5 12. g3 Nf6 13. Nh4 Ng4 14. Be2 Nxe3 15. fxe3
Bc8 16. Qd1 Qd7 17. Rf2 O-O 18. Kh1 Kh7 19. Qf1 Ng8 20. Rd1 Qe7 21. b3 Bf6 22.
Nf3 Bg7 23. Nh4 h5 24. Re1 Bh6 25. Bd3 Kg7 26. Nd1 Nf6 27. h3 Nh7 28. Rh2 Qg5
29. Qg2 Bd7 30. Nf3 Qe7 31. g4 hxg4 32. hxg4 Ng5 33. Nxg5 Bxg5 34. Re2 Rh8 35.
Qf3 a5 36. Rxh8 Rxh8+ 37. Rh2 Bh4 38. Be2 Qg5 39. Qh3 Rh6 40. Qf3 Bc8 41. Kg1
f5 42. exf5 gxf5 43. Nf2 e4 44. Qf4 Bxf2+ 45. Rxf2 Qh4 46. Rg2 Qh1+ 47. Kf2
Qh4+ 48. Kg1 Qe1+ 49. Qf1 Qxf1+ 50. Kxf1 Rg6 51. gxf5 Bxf5 52. Rxg6+ Bxg6 53.
Kf2 Kf6 54. Kg3 Ke5 55. c4 Be8 56. Kg4 c6 57. dxc6 Bxc6 58. Kg5 d5 59. cxd5
Bxd5 60. Bd1 Bg8 61. Bc2 Be6 62. Bd1 Bh3 63. Be2 Bd7 64. Bc4 Be8 65. Bg8 Bc6
66. Bf7 b5 67. axb5 Bxb5 68. Bg8 Bd3 69. Bf7 Bc2 70. Bg8 Kd6 71. Kf5 Kc5 72.
Ke5 Kb4 73. Bh7 Kxb3 74. Bxe4 Bxe4 75. Kxe4 a4 76. Kd5 a3 77. e4 a2 78. e5 a1=Q
79. e6 Qa8+ 80. Kd6 Qe8 0-1

[Event "Gibtelecom ChallWk2 5th"]
[Site "Gibraltar"]
[Date "2007.01.30"]
[Round "3.5"]
[White "Urbina Perez, Juan Antonio"]
[Black "Nemcova, Katerina"]
[Result "1/2-1/2"]
[WhiteElo "2114"]
[BlackElo "2147"]
[PlyCount "55"]
[EventDate "2007.01.28"]
[EventType "swiss"]
[EventRounds "5"]
[EventCountry "GGB"]
[SourceTitle "BritBase"]
[Source "www.saund.co.uk"]
[SourceDate "2018.02.10"]
[SourceVersion "1"]
[SourceVersionDate "2018.02.10"]
[SourceQuality "1"]

1. e4 c5 2. Nf3 Nc6 3. c3 d5 4. exd5 Qxd5 5. d4 e5 6. Be3 cxd4 7. cxd4 Bg4 8.
Nc3 Bb4 9. dxe5 Qa5 10. Be2 Bxf3 11. Bxf3 Bxc3+ 12. bxc3 Qxc3+ 13. Bd2 Qxe5+
14. Be3 Nge7 15. O-O O-O 16. Re1 Qc7 17. Rc1 Nf5 18. Bc5 Rfd8 19. Qa4 Rac8 20.
Bxa7 Ra8 21. Bxc6 bxc6 22. Qc2 Rxa7 23. Qxf5 Rxa2 24. Qe4 g6 25. Qxc6 Qf4 26.
Re8+ Rxe8 27. Qxe8+ Kg7 28. Rf1 1/2-1/2

[Event "Gibtelecom ChallWk2 5th"]
[Site "Gibraltar"]
[Date "2007.01.30"]
[Round "3.7"]
[White "Garcia, Mario"]
[Black "Kvisla, Johannes Luangtep"]
[Result "0-1"]
[WhiteElo "1424"]
[BlackElo "2134"]
[PlyCount "76"]
[EventDate "2007.01.28"]
[EventType "swiss"]
[EventRounds "5"]
[EventCountry "GGB"]
[SourceTitle "BritBase"]
[Source "www.saund.co.uk"]
[SourceDate "2018.02.10"]
[SourceVersion "1"]
[SourceVersionDate "2018.02.10"]
[SourceQuality "1"]

1. e4 c5 2. Nf3 Nc6 3. d4 cxd4 4. Nxd4 Nf6 5. Nc3 e6 6. Nxc6 bxc6 7. Be2 d5 8.
exd5 exd5 9. O-O Be7 10. b3 O-O 11. Bf3 Ba6 12. Be2 Bc8 13. Bb2 Bf5 14. Bf3 Qc7
15. g3 Rad8 16. Bg2 d4 17. Ne2 c5 18. Nf4 Bd6 19. Nd3 Rfe8 20. Qd2 Ne4 21. Bxe4
Bxe4 22. Rae1 Qc6 23. f3 Bxf3 24. Rxe8+ Rxe8 25. Qf2 Bh5 26. Qg2 Qxg2+ 27. Kxg2
Bg6 28. Nf4 Bxf4 29. Rxf4 Bxc2 30. Rf2 Be4+ 31. Kf1 f5 32. Ba3 Rc8 33. Ke1 Kf7
34. g4 g6 35. gxf5 gxf5 36. Rf4 Ke6 37. Rh4 Rc7 38. Bc1 Rg7 0-1

[Event "Gibtelecom ChallWk2 5th"]
[Site "Gibraltar"]
[Date "2007.01.30"]
[Round "3.8"]
[White "Osuna Vega, Enrique"]
[Black "Hauptmann, Thomas"]
[Result "1-0"]
[WhiteElo "2177"]
[BlackElo "2046"]
[PlyCount "69"]
[EventDate "2007.01.28"]
[EventType "swiss"]
[EventRounds "5"]
[EventCountry "GGB"]
[SourceTitle "BritBase"]
[Source "www.saund.co.uk"]
[SourceDate "2018.02.10"]
[SourceVersion "1"]
[SourceVersionDate "2018.02.10"]
[SourceQuality "1"]

1. Nf3 d6 2. d4 Bg4 3. e4 Nf6 4. Nc3 Nbd7 5. Be3 e5 6. Be2 exd4 7. Nxd4 Bxe2 8.
Qxe2 g6 9. O-O-O Bg7 10. f4 Qe7 11. Ndb5 Nb6 12. Bxb6 axb6 13. Qc4 O-O 14. Qxc7
Qxc7 15. Nxc7 Ra5 16. Rxd6 Rc8 17. N7d5 Nxd5 18. Nxd5 Bf8 19. Rxb6 Rxa2 20. Kd2
Ra7 21. g4 Bc5 22. Rb5 Kg7 23. c3 Rc6 24. Kc2 h6 25. Rd1 g5 26. f5 Bd6 27. h3
Bg3 28. f6+ Kh7 29. Ne7 Rxf6 30. Nf5 Bf4 31. Rd7 Ra4 32. Rbxb7 Kg8 33. Rd8+ Kh7
34. Re7 Ra5 35. Ree8 1-0

[Event "Gibtelecom ChallWk2 5th"]
[Site "Gibraltar"]
[Date "2007.01.30"]
[Round "3.9"]
[White "Andreassen, Lars"]
[Black "Stokes, Ivan"]
[Result "1-0"]
[WhiteElo "2140"]
[BlackElo "2044"]
[PlyCount "65"]
[EventDate "2007.01.28"]
[EventType "swiss"]
[EventRounds "5"]
[EventCountry "GGB"]
[SourceTitle "BritBase"]
[Source "www.saund.co.uk"]
[SourceDate "2018.02.10"]
[SourceVersion "1"]
[SourceVersionDate "2018.02.10"]
[SourceQuality "1"]

1. d4 d6 2. c4 Nf6 3. Nf3 g6 4. g3 Bf5 5. Bg2 c6 6. O-O Bg7 7. Nc3 O-O 8. Nh4
Bg4 9. h3 Bd7 10. e4 e5 11. d5 c5 12. Be3 Ne8 13. Qd2 f5 14. f4 Qc8 15. Kh2 Na6
16. Rf2 Nac7 17. Raf1 Bf6 18. fxe5 Bxe5 19. Bh6 Qd8 20. Bg5 Bf6 21. Bxf6 Qxf6
22. exf5 gxf5 23. Ne4 Qe5 24. Qh6 Qg7 25. Qf4 b5 26. b3 bxc4 27. bxc4 Rd8 28.
g4 Qd4 29. gxf5 Kh8 30. Qh6 Qg7 31. Ng6+ Kg8 32. Qxg7+ Nxg7 33. Nxf8 1-0

[Event "Gibtelecom ChallWk2 5th"]
[Site "Gibraltar"]
[Date "2007.01.30"]
[Round "3.10"]
[White "Millward, Richard"]
[Black "Murray, J Stephen"]
[Result "1/2-1/2"]
[WhiteElo "2140"]
[BlackElo "2010"]
[PlyCount "146"]
[EventDate "2007.01.28"]
[EventType "swiss"]
[EventRounds "5"]
[EventCountry "GGB"]
[SourceTitle "BritBase"]
[Source "www.saund.co.uk"]
[SourceDate "2018.02.10"]
[SourceVersion "1"]
[SourceVersionDate "2018.02.10"]
[SourceQuality "1"]

1. e4 c5 2. Nf3 d6 3. d4 cxd4 4. Nxd4 Nf6 5. Nc3 a6 6. a4 e6 7. Be2 Be7 8. O-O
O-O 9. f4 Nc6 10. Nb3 b6 11. Bd3 Qc7 12. Qe1 Nb4 13. Be3 Nxd3 14. cxd3 Rb8 15.
Rc1 Qd8 16. Qg3 Re8 17. Nd4 Bb7 18. h3 Bf8 19. Qf2 Ba8 20. g4 e5 21. fxe5 dxe5
22. Nf5 Bc5 23. g5 Bxe3 24. Nxe3 Nd7 25. Qxf7+ Kh8 26. h4 Rf8 27. Qh5 g6 28.
Qe2 Nc5 29. Ned5 Bxd5 30. Nxd5 Ne6 31. Rxf8+ Qxf8 32. Rf1 Qc5+ 33. Qf2 Rf8 34.
Qxc5 Rxf1+ 35. Kxf1 Nxc5 36. Nxb6 Nxd3 37. Nd7 Nxb2 38. Nxe5 Nxa4 39. Nc6 Nc5
40. e5 Kg7 41. Ke2 Kf7 42. Ke3 Ke6 43. Kd4 Nd7 44. Nd8+ Ke7 45. Nb7 Ke6 46. Ke4
Nxe5 47. Nc5+ Kd6 48. Nxa6 Nc6 49. Kf4 Ne7 50. Kg4 Nd5 51. Kf3 Ne7 52. Nb4 Nf5
53. Kg4 Ke5 54. Nd3+ Ke4 55. Nc5+ Ke5 56. Nd7+ Ke4 57. Nf6+ Ke5 58. Nxh7 Ne3+
59. Kh3 Kf5 60. Nf6 Nc2 61. Nd5 Ke6 62. Nf4+ Kf5 63. Kg3 Nd4 64. Ng2 Ne6 65.
Ne3+ Ke4 66. Ng4 Kf5 67. Nh6+ Ke4 68. Kg4 Nc5 69. Ng8 Ne6 70. Ne7 Nf8 71. Kg3
Ke5 72. Ng8 Kf5 73. Ne7+ Ke6 1/2-1/2

[Event "Gibtelecom ChallWk2 5th"]
[Site "Gibraltar"]
[Date "2007.01.30"]
[Round "3.11"]
[White "Joseph, Adrian P"]
[Black "Nyland, Thomas"]
[Result "0-1"]
[WhiteElo "1672"]
[BlackElo "2124"]
[PlyCount "170"]
[EventDate "2007.01.28"]
[EventType "swiss"]
[EventRounds "5"]
[EventCountry "GGB"]
[SourceTitle "BritBase"]
[Source "www.saund.co.uk"]
[SourceDate "2018.02.10"]
[SourceVersion "1"]
[SourceVersionDate "2018.02.10"]
[SourceQuality "1"]

1. e4 e5 2. Bb5 c6 3. Ba4 Nf6 4. Nc3 Bc5 5. Nf3 d6 6. d3 h6 7. O-O O-O 8. Bb3
Be6 9. Qe2 Bxb3 10. axb3 Nbd7 11. Na4 Nh7 12. Kh1 f5 13. exf5 Rxf5 14. b4 Bb6
15. Qe4 Qf6 16. Nxb6 Nxb6 17. Qh4 Nd5 18. Qxf6 Nhxf6 19. c3 a6 20. Ra4 Nd7 21.
Bd2 Nf4 22. Nh4 Rf6 23. Bxf4 Rxf4 24. g3 Rf7 25. Raa1 g5 26. Ng2 Raf8 27. Kg1
Nf6 28. Ne3 Kh7 29. Rae1 Kg6 30. Nc4 Ne8 31. Nd2 h5 32. Nb3 Nf6 33. Nd2 g4 34.
Nc4 Ne8 35. Nd2 Nc7 36. Kg2 Rf5 37. f3 gxf3+ 38. Rxf3 Rxf3 39. Nxf3 Rf6 40. Rf1
Kg7 41. Nh4 Rxf1 42. Kxf1 Kf6 43. Ke2 d5 44. Ke3 Ne8 45. Kf3 Kg5 46. Ng2 Nf6
47. h4+ Kf5 48. Ne3+ Ke6 49. g4 d4 50. g5 dxe3 51. gxf6 Kxf6 52. Kxe3 Kf5 53.
Kf3 b6 54. c4 c5 55. b5 axb5 56. cxb5 Ke6 57. Ke4 Kd6 58. Kf3 Kd5 59. Ke3 Kd6
60. Ke4 Ke6 61. Ke3 Kd5 62. Kd2 c4 63. Ke3 cxd3 64. Kxd3 e4+ 65. Ke3 Ke5 66. b3
Kf5 67. b4 Ke5 68. Ke2 Kf4 69. Kf2 Kg4 70. Ke3 Kxh4 71. Kxe4 Kg4 72. Kd5 h4 73.
Kc6 h3 74. Kxb6 h2 75. Ka7 h1=Q 76. b6 Qa1+ 77. Kb8 Qa4 78. b7 Qxb4 79. Kc7
Qc5+ 80. Kb8 Kf5 81. Ka8 Qa5+ 82. Kb8 Ke6 83. Kc8 Qc5+ 84. Kd8 Qc6 85. b8=N Qb7
0-1

[Event "Gibtelecom ChallWk2 5th"]
[Site "Gibraltar"]
[Date "2007.01.30"]
[Round "3.12"]
[White "Galliano, Alex"]
[Black "Fellousi, Abdelaziz"]
[Result "1/2-1/2"]
[WhiteElo "1300"]
[BlackElo "2118"]
[PlyCount "41"]
[EventDate "2007.01.28"]
[EventType "swiss"]
[EventRounds "5"]
[EventCountry "GGB"]
[SourceTitle "BritBase"]
[Source "www.saund.co.uk"]
[SourceDate "2018.02.10"]
[SourceVersion "1"]
[SourceVersionDate "2018.02.10"]
[SourceQuality "1"]

1. e4 c5 2. c3 e6 3. d4 d5 4. exd5 exd5 5. Nf3 Nf6 6. h3 Bd6 7. Bd3 O-O 8. O-O
h6 9. dxc5 Bxc5 10. Nbd2 Nc6 11. Nb3 Bb6 12. Nbd4 Re8 13. Re1 Rxe1+ 14. Qxe1
Bd7 15. Be3 Nh5 16. Qd2 Qf6 17. Qc2 Nf4 18. Bf5 Nxd4 19. Nxd4 Be6 20. Qd2 Rd8
21. Bc2 {remaining moves illegible} 1/2-1/2

[Event "Gibtelecom ChallWk2 5th"]
[Site "Gibraltar"]
[Date "2007.01.30"]
[Round "3.14"]
[White "Benaddi, Mouhcine"]
[Black "Hamer, Martyn"]
[Result "1/2-1/2"]
[WhiteElo "2084"]
[BlackElo "1987"]
[PlyCount "152"]
[EventDate "2007.01.28"]
[EventType "swiss"]
[EventRounds "5"]
[EventCountry "GGB"]
[SourceTitle "BritBase"]
[Source "www.saund.co.uk"]
[SourceDate "2018.02.10"]
[SourceVersion "1"]
[SourceVersionDate "2018.02.10"]
[SourceQuality "1"]

1. e4 e5 2. Nf3 Nf6 3. Nxe5 d6 4. Nf3 Nxe4 5. d4 d5 6. Bd3 Bd6 7. c4 c6 8. O-O
O-O 9. Qc2 Na6 10. a3 Bg4 11. Ne5 Bh5 12. f3 Qb6 13. Be3 Bxe5 14. c5 Bxh2+ 15.
Kxh2 Qc7+ 16. Kg1 Nf6 17. Nc3 Bg6 18. Kf2 Rfe8 19. Rae1 Re6 20. Bf5 Bxf5 21.
Qxf5 Rae8 22. Bf4 Qd8 23. Be5 Nb8 24. Rh1 Nbd7 25. Bd6 Rxe1 26. Rxe1 Rxe1 27.
Kxe1 Qe8+ 28. Kf2 Qe6 29. Qc2 b5 30. cxb6 axb6 31. Bc7 c5 32. Ne2 Ne8 33. Bf4
Nd6 34. Qa4 Nf5 35. g4 Ne7 36. Qa8+ Nf8 37. Qb8 Qc6 38. Bd6 Nc8 39. Bg3 Nd7 40.
Qf4 Ne7 41. Qe3 Qe6 42. Qb3 Qc6 43. Bh4 f6 44. Bg3 Kf7 45. Qa2 g6 46. Qb3 Nc8
47. Bf4 Nd6 48. Bd2 Nc4 49. Bc1 Nf8 50. Qd3 cxd4 51. Nxd4 Qc5 52. Kg2 Ne5 53.
Qd2 Qc4 54. b3 Qd3 55. Qxd3 Nxd3 56. Be3 Nd7 57. Kf1 N7c5 58. Ke2 Ne6 59. Nb5
Ke7 60. Bd2 h5 61. gxh5 gxh5 62. b4 Ne5 63. Be1 Kd7 64. Bh4 f5 65. Bf6 Nc4 66.
a4 Nd6 67. Nc3 Kc6 68. Kd3 b5 69. a5 f4 70. Be5 h4 71. Bxd6 Kxd6 72. Nxb5+ Kc6
73. Nc3 h3 74. Nd1 h2 75. Nf2 Ng5 76. Kd4 Nxf3+ 1/2-1/2

[Event "Gibtelecom ChallWk2 5th"]
[Site "Gibraltar"]
[Date "2007.01.30"]
[Round "3.15"]
[White "De Kruif, Kees"]
[Black "De La Rubia Ramirez, Dulce"]
[Result "1/2-1/2"]
[WhiteElo "2075"]
[BlackElo "1852"]
[PlyCount "48"]
[EventDate "2007.01.28"]
[EventType "swiss"]
[EventRounds "5"]
[EventCountry "GGB"]
[SourceTitle "BritBase"]
[Source "www.saund.co.uk"]
[SourceDate "2018.02.10"]
[SourceVersion "1"]
[SourceVersionDate "2018.02.10"]
[SourceQuality "1"]

1. b4 Nf6 2. Bb2 e6 3. a3 d5 4. e3 c5 5. b5 Bd7 6. c4 a6 7. a4 a5 8. Nf3 Bc8 9.
Be2 Nbd7 10. O-O Be7 11. d3 O-O 12. Nbd2 b6 13. d4 Bb7 14. Rc1 cxd4 15. Bxd4
Rc8 16. cxd5 Rxc1 17. Qxc1 Bxd5 18. Ne5 Nc5 19. Qa1 Nfe4 20. Nxe4 Bxe4 21. Bf3
Bxf3 22. Nxf3 f6 23. Rd1 Qe8 24. Qa2 Qf7 1/2-1/2

[Event "Gibtelecom ChallWk2 5th"]
[Site "Gibraltar"]
[Date "2007.01.30"]
[Round "3.16"]
[White "Obers, Frits"]
[Black "Morris-Hill, Ray"]
[Result "1/2-1/2"]
[WhiteElo "2071"]
[BlackElo "1892"]
[PlyCount "61"]
[EventDate "2007.01.28"]
[EventType "swiss"]
[EventRounds "5"]
[EventCountry "GGB"]
[SourceTitle "BritBase"]
[Source "www.saund.co.uk"]
[SourceDate "2018.02.10"]
[SourceVersion "1"]
[SourceVersionDate "2018.02.10"]
[SourceQuality "1"]

1. d4 Nf6 2. c4 c5 3. d5 b5 4. Qc2 bxc4 5. e4 d6 6. Nc3 g6 7. Nf3 Bg7 8. Bxc4
O-O 9. O-O Nbd7 10. Re1 Nb6 11. Bd3 Bb7 12. a4 c4 13. Bf1 a5 14. Be3 Nfd7 15.
Bd4 Nc5 16. Bxg7 Kxg7 17. Nd4 e6 18. dxe6 fxe6 19. Rad1 Qf6 20. Ndb5 d5 21.
exd5 exd5 22. Rd2 Rae8 23. Red1 Rd8 24. Nd4 Nbd7 25. b3 Ne5 26. bxc4 dxc4 27.
Ncb5 Be4 28. Qc3 Bd3 29. Qxa5 Ne4 30. Bxd3 Nxd3 31. Re2 {remaining moves
illegible} 1/2-1/2

[Event "Gibtelecom ChallWk2 5th"]
[Site "Gibraltar"]
[Date "2007.01.30"]
[Round "3.17"]
[White "Hickman, John E"]
[Black "Dennis, Nigel W"]
[Result "1-0"]
[WhiteElo "2052"]
[BlackElo "1998"]
[PlyCount "83"]
[EventDate "2007.01.28"]
[EventType "swiss"]
[EventRounds "5"]
[EventCountry "GGB"]
[SourceTitle "BritBase"]
[Source "www.saund.co.uk"]
[SourceDate "2018.02.10"]
[SourceVersion "1"]
[SourceVersionDate "2018.02.10"]
[SourceQuality "1"]

1. e4 c5 2. Nf3 e6 3. d4 cxd4 4. Nxd4 Nf6 5. Nc3 d6 6. Be3 a6 7. f3 Be7 8. g4
O-O 9. Qd2 Nc6 10. O-O-O Nxd4 11. Bxd4 b5 12. g5 Ne8 13. h4 b4 14. Ne2 Qa5 15.
Kb1 Nc7 16. c4 d5 17. Ng3 dxc4 18. Bxc4 e5 19. Be3 Be6 20. Bxe6 Nxe6 21. Nf5
Rfe8 22. h5 Bf8 23. Rdg1 Qc7 24. g6 f6 25. h6 hxg6 26. Rxg6 Qf7 27. Qg2 Ng5 28.
Rxg5 fxg5 29. hxg7 Bxg7 30. Nd6 Qd7 31. Nxe8 Qd3+ 32. Qc2 Qxe3 33. Qc4+ Kf8 34.
Nxg7 Kxg7 35. Qc7+ Kg8 36. Qh7+ Kf8 37. Qf5+ Ke7 38. Rh7+ Kd6 39. Rd7+ Kc6 40.
Qe6+ Kc5 41. Rd5+ Kc4 42. Qc6+ 1-0

[Event "Gibtelecom ChallWk2 5th"]
[Site "Gibraltar"]
[Date "2007.01.30"]
[Round "3.18"]
[White "Perez Romero, Carlos"]
[Black "Yarur Elsaca, Daniel"]
[Result "0-1"]
[WhiteElo "2019"]
[BlackElo "1913"]
[PlyCount "72"]
[EventDate "2007.01.28"]
[EventType "swiss"]
[EventRounds "5"]
[EventCountry "GGB"]
[SourceTitle "BritBase"]
[Source "www.saund.co.uk"]
[SourceDate "2018.02.10"]
[SourceVersion "1"]
[SourceVersionDate "2018.02.10"]
[SourceQuality "1"]

1. e4 e5 2. Nf3 d6 3. d4 exd4 4. Nxd4 Nf6 5. Nc3 Be7 6. Be2 O-O 7. O-O Re8 8.
f4 Bf8 9. Bf3 c6 10. Re1 Qc7 11. a4 Na6 12. Kh1 Nb4 13. Nde2 d5 14. e5 Ng4 15.
Bxg4 Bxg4 16. h3 Bf5 17. Nd4 Bd7 18. Na2 Na6 19. c3 Nc5 20. Be3 Ne4 21. Nc1 Qc8
22. Kh2 Be7 23. g3 Bxh3 24. Nd3 Bg4 25. Nf3 Qf5 26. Kg2 Bh3+ 27. Kg1 Nxg3 28.
Kf2 Ne4+ 29. Ke2 Bg4 30. Rg1 Bh4 31. Qf1 Re6 32. Kd1 Ng3 33. Rxg3 Bxg3 34. Kd2
Rh6 35. Nd4 Rh2+ 36. Kc1 Qe4 0-1

[Event "Gibtelecom ChallWk2 5th"]
[Site "Gibraltar"]
[Date "2007.01.30"]
[Round "3.19"]
[White "Strand, Haakon"]
[Black "Millward, Kevin"]
[Result "1-0"]
[WhiteElo "2015"]
[BlackElo "1744"]
[PlyCount "75"]
[EventDate "2007.01.28"]
[EventType "swiss"]
[EventRounds "5"]
[EventCountry "GGB"]
[SourceTitle "BritBase"]
[Source "www.saund.co.uk"]
[SourceDate "2018.02.10"]
[SourceVersion "1"]
[SourceVersionDate "2018.02.10"]
[SourceQuality "1"]

1. e4 e6 2. d4 d5 3. Nc3 dxe4 4. Nxe4 Nd7 5. Bd3 Ngf6 6. Ne2 b6 7. N2g3 Bb7 8.
Be3 Be7 9. Qe2 Nd5 10. a3 N7f6 11. O-O h5 12. f3 h4 13. Nxf6+ gxf6 14. Ne4 h3
15. Bd2 f5 16. Ng3 f4 17. Ne4 Rg8 18. g4 fxg3 19. Nxg3 Bh4 20. Qe5 Bf6 21. Qe4
Rb8 22. c3 Nxc3 23. Qe1 Bxd4+ 24. Kh1 Qf6 25. Be4 Nxe4 26. fxe4 Qe7 27. Bc3
Bxc3 28. Qxc3 f5 29. Rae1 Rd8 30. Qf3 Qf7 31. Nxf5 exf5 32. exf5+ Kf8 33. Qxb7
Qd5+ 34. Qxd5 Rxd5 35. Re3 Rd2 36. Rxh3 Rxb2 37. Rg3 Rh8 38. h3 1-0

[Event "Gibtelecom ChallWk2 5th"]
[Site "Gibraltar"]
[Date "2007.01.30"]
[Round "3.20"]
[White "Helin, Mikael"]
[Black "Manetto, Luis"]
[Result "1-0"]
[WhiteElo "1951"]
[BlackElo "1568"]
[PlyCount "57"]
[EventDate "2007.01.28"]
[EventType "swiss"]
[EventRounds "5"]
[EventCountry "GGB"]
[SourceTitle "BritBase"]
[Source "www.saund.co.uk"]
[SourceDate "2018.02.10"]
[SourceVersion "1"]
[SourceVersionDate "2018.02.10"]
[SourceQuality "1"]

1. e4 c5 2. Nc3 Nc6 3. g3 g6 4. Bg2 Bg7 5. d3 e6 6. Be3 d6 7. Qd2 Nge7 8. Nge2
O-O 9. h4 Nd4 10. h5 Nxe2 11. Kxe2 d5 12. Bh6 dxe4 13. Bxg7 exd3+ 14. cxd3 Kxg7
15. hxg6 fxg6 16. Qh6+ Kf7 17. Qxh7+ Ke8 18. Be4 Qd4 19. f4 Qf6 20. Rab1 Nf5
21. Bxf5 exf5 22. Kd2 Bd7 23. Nd5 Qd6 24. Nc7+ Kd8 25. Nxa8 c4 26. Rbd1 Re8 27.
Kc1 cxd3 28. Qg7 Ba4 29. Rxd3 1-0

[Event "Gibtelecom ChallWk2 5th"]
[Site "Gibraltar"]
[Date "2007.01.30"]
[Round "3.21"]
[White "Guardia Bencomo, Tomas"]
[Black "Gravett, Alan D"]
[Result "0-1"]
[WhiteElo "1900"]
[BlackElo "1869"]
[PlyCount "38"]
[EventDate "2007.01.28"]
[EventType "swiss"]
[EventRounds "5"]
[EventCountry "GGB"]
[SourceTitle "BritBase"]
[Source "www.saund.co.uk"]
[SourceDate "2018.02.10"]
[SourceVersion "1"]
[SourceVersionDate "2018.02.10"]
[SourceQuality "1"]

1. c4 d6 2. Nc3 Nf6 3. d4 e5 4. dxe5 dxe5 5. Qxd8+ Kxd8 6. Nf3 Nbd7 7. Bd2 c6
8. O-O-O h6 9. h3 Kc7 10. Ne1 a5 11. e4 Nc5 12. f3 Nh5 13. g4 Ng3 14. Rg1 Nxf1
15. Rxf1 Be6 16. b3 a4 17. Kb2 axb3 18. axb3 b5 19. b4 Bxc4 0-1

[Event "Gibtelecom ChallWk2 5th"]
[Site "Gibraltar"]
[Date "2007.01.30"]
[Round "3.22"]
[White "Sbia, Bachir"]
[Black "Sharp, Dale"]
[Result "1-0"]
[WhiteElo "1914"]
[BlackElo "2085"]
[PlyCount "69"]
[EventDate "2007.01.28"]
[EventType "swiss"]
[EventRounds "5"]
[EventCountry "GGB"]
[SourceTitle "BritBase"]
[Source "www.saund.co.uk"]
[SourceDate "2018.02.10"]
[SourceVersion "1"]
[SourceVersionDate "2018.02.10"]
[SourceQuality "1"]

1. e4 e5 2. Nc3 Nf6 3. f4 d5 4. fxe5 Nxe4 5. Nf3 Bc5 6. d4 Bb4 7. Qd3 c6 8. Bd2
Nxd2 9. Qxd2 O-O 10. Bd3 Bg4 11. O-O Be7 12. Qf4 Bh5 13. Ne2 Na6 14. c3 Nc7 15.
g4 Ne6 16. Qg3 Bg6 17. Bf5 Ng5 18. Nxg5 Bxg5 19. Nf4 b5 20. Ng2 f6 21. h4 Bh6
22. Be6+ Bf7 23. Bxf7+ Rxf7 24. Rae1 g6 25. e6 Re7 26. Rxf6 Bg7 27. g5 b4 28.
h5 bxc3 29. bxc3 Qe8 30. Qh3 Rb7 31. hxg6 hxg6 32. Nf4 Rab8 33. Qd3 Rb2 34. Rf7
a5 35. Qxg6 1-0

[Event "Gibtelecom ChallWk2 5th"]
[Site "Gibraltar"]
[Date "2007.01.30"]
[Round "3.23"]
[White "Feeney, James"]
[Black "Pettersen, Joar Gullestad"]
[Result "0-1"]
[WhiteElo "1104"]
[BlackElo "2032"]
[PlyCount "56"]
[EventDate "2007.01.28"]
[EventType "swiss"]
[EventRounds "5"]
[EventCountry "GGB"]
[SourceTitle "BritBase"]
[Source "www.saund.co.uk"]
[SourceDate "2018.02.10"]
[SourceVersion "1"]
[SourceVersionDate "2018.02.10"]
[SourceQuality "1"]

1. f4 d5 2. e3 c5 3. Nf3 Nc6 4. Bb5 Bd7 5. O-O Nf6 6. h3 e6 7. d3 Qb6 8. Bxc6
Bxc6 9. Ne5 Be7 10. b3 h6 11. Bb2 a6 12. Nd2 Qc7 13. Ndf3 b5 14. Qe1 Bb7 15. g4
Rg8 16. Qg3 Nd7 17. Rae1 f6 18. Nxd7 Qxd7 19. Kh2 g5 20. Bxf6 Bxf6 21. Ne5 Bxe5
22. fxe5 O-O-O 23. Rf6 Rh8 24. Ref1 Rde8 25. d4 Re7 26. R1f3 Kb8 27. Rf2 Rhh7
28. c3 h5 {remaining moves illegible} 0-1

[Event "Gibtelecom ChallWk2 5th"]
[Site "Gibraltar"]
[Date "2007.01.31"]
[Round "4.1"]
[White "Agdestein, Emil"]
[Black "Vea, Odin Blikra"]
[Result "0-1"]
[WhiteElo "2116"]
[BlackElo "2147"]
[PlyCount "42"]
[EventDate "2007.01.28"]
[EventType "swiss"]
[EventRounds "5"]
[EventCountry "GGB"]
[SourceTitle "BritBase"]
[Source "www.saund.co.uk"]
[SourceDate "2018.02.10"]
[SourceVersion "1"]
[SourceVersionDate "2018.02.10"]
[SourceQuality "1"]

1. e4 e5 2. Nf3 d5 3. exd5 e4 4. Qe2 Nf6 5. Nc3 Be7 6. Nxe4 O-O 7. d3 Bf5 8.
Nxf6+ Bxf6 9. c4 Re8 10. Be3 c6 11. dxc6 Nxc6 12. O-O-O b5 13. c5 Qa5 14. Kb1
Be6 15. a3 b4 16. Qd2 Rab8 17. Bf4 bxa3 18. Bxb8 Rxb8 19. Qxa5 Rxb2+ 20. Kc1
Nxa5 21. Rd2 Nb3+ 0-1

[Event "Gibtelecom ChallWk2 5th"]
[Site "Gibraltar"]
[Date "2007.01.31"]
[Round "4.2"]
[White "Menon, Shanker"]
[Black "Compton, Alistair"]
[Result "1-0"]
[WhiteElo "2194"]
[BlackElo "2093"]
[PlyCount "150"]
[EventDate "2007.01.28"]
[EventType "swiss"]
[EventRounds "5"]
[EventCountry "GGB"]
[SourceTitle "BritBase"]
[Source "www.saund.co.uk"]
[SourceDate "2018.02.10"]
[SourceVersion "1"]
[SourceVersionDate "2018.02.10"]
[SourceQuality "1"]

1. d4 e6 2. Nf3 d5 3. c4 c5 4. e3 Nc6 5. Nc3 Nf6 6. dxc5 Bxc5 7. a3 a6 8. b4
Bd6 9. cxd5 exd5 10. Bb2 O-O 11. Be2 Bg4 12. O-O Re8 13. h3 Bh5 14. b5 Ne5 15.
Nxd5 Nxf3+ 16. Bxf3 Bxf3 17. Nxf6+ Qxf6 18. Bxf6 Bxd1 19. Rfxd1 Bf8 20. Bb2
axb5 21. Rd7 b6 22. Rc1 Bc5 23. Bd4 Rec8 24. Rb7 Bd6 25. Rxc8+ Rxc8 26. g4 Bxa3
27. Rxb6 b4 28. Bc5 h5 29. Bxb4 Bxb4 30. Rxb4 hxg4 31. hxg4 g6 32. Kg2 Kg7 33.
g5 Rc5 34. f4 Rc3 35. Kf3 Ra3 36. Rb6 Rc3 37. Ke4 Rc5 38. Rd6 Ra5 39. Rd5 Ra6
40. Kd4 Ra1 41. Re5 Ra4+ 42. Kc5 Kf8 43. Kb5 Ra1 44. Kc6 Ra6+ 45. Kb7 Ra1 46.
Kc7 Rd1 47. Kc6 Ra1 48. Kd6 Ra6+ 49. Kd5 Ra5+ 50. Ke4 Ra4+ 51. Kf3 Ra1 52. e4
Rf1+ 53. Ke3 Kg7 54. Rd5 Re1+ 55. Kd4 Rf1 56. Ke5 Rg1 57. Rd8 Rg2 58. Re8 Rd2
59. Rc8 Rg2 60. Rc5 Rg1 61. Kd6 Rf1 62. f5 gxf5 63. exf5 Rg1 64. f6+ Kg6 65.
Ke7 Re1+ 66. Kf8 Ra1 67. Re5 Rh1 68. Kg8 Ra1 69. Re8 Ra7 70. Kh8 Rb7 71. Rg8+
Kf5 72. Kg7 Kxg5 73. Rf8 Rb6 74. Rxf7 Kf5 75. Ra7 Ke4 1-0